000 00656nam a22002057a 4500
999 _c179243
_d179243
005 20210603125111.0
010 _aB-739959
020 _a9788125034032
035 _aB-739959
037 _bGift
082 _a909
100 _aRadhakrishna, Meena
245 _aDishonoured by history:
_b'criminal tribes' and British colonial policy /
_cby Meena Radhakrishna
260 _aNew Delhi
_bOrient Blackswan
_c2015
270 _a1/24, Asaf Ali Road
_bNew Delhi
_e110002
300 _axvi, 224p.
_c21cm(pbk)
500 _ainclude index
942 _2ddc
_cEN
_h909
_mRAD